|
|
|
|
| LEADER |
00000nam a2200000 a 4500 |
| 005 |
20120309150614.0 |
| 007 |
cr|||| |||| |
| 008 |
990614s1997 ch |||||| 00| ||spa|c |
| 020 |
|
|
|a 9561011751
|
| 035 |
|
|
|a 6176
|
| 040 |
|
|
|d vLex
|
| 090 |
|
|
|c 3062
|d 3062
|
| 100 |
1 |
|
|a De̕z Schwerter, Jos ̌Luis
|
| 245 |
1 |
3 |
|a El Daǫ extracontractual
|h [Recurso electrn̤ico] :
|b jurisprudencia y doctrina /
|c Jos ̌Luis Diez Schwerter
|
| 256 |
|
|
|a Servicio en ln̕ea
|
| 260 |
|
|
|a Santiago de Chile :
|b Editorial Jurd̕ica de Chile,
|c 1997
|
| 300 |
|
|
|a 1 recurso electrn̤ico
|
| 506 |
1 |
|
|a Contenido solo disponible en los productos indicados
|d vLex Global
|d vLex Global (Academic Edition, excluding Law Schools)
|d vLex Global (U.S. Academic Edition, Law Schools)
|d vLex Global (U.S. Academic Edition, excluding Law Schools)
|d vLex Global (Academic Edition, Law Schools)
|
| 650 |
0 |
4 |
|a Daǫs y perjuicios
|z Chile
|
| 650 |
0 |
4 |
|a Responsabilidad civil
|z Chile
|
| 740 |
0 |
|
|a vLex Libros (Servicio en ln̕ea)
|
| 856 |
4 |
0 |
|u http://vlex.com/source/6176
|z Acceso restringido
|
| 942 |
|
|
|c BOOK
|
| 999 |
0 |
|
|a Damages
|
| 999 |
0 |
|
|a Liability (Law)
|